LIBRARY & INFORMATION CENTRE, KCAET, TAVANUR

ONLINE PUBLIC ACCESS CATALOGUE (OPAC)

D.C.Machines and transformering / (Record no. 1941)

MARC details
000 -LEADER
fixed length control field 00426cam a2200181ua 4500
041 ## - LANGUAGE CODE
Language code of text/sound track or separate title eng
082 ## - DEWEY DECIMAL CLASSIFICATION NUMBER
Classification number 621.3132
Item number GOE/DC
100 ## - MAIN ENTRY--AUTHOR NAME
Personal name Goel, R.C .
245 ## - TITLE STATEMENT
Title D.C.Machines and transformering /
250 ## - EDITION STATEMENT
Edition statement 1 /
260 ## - PUBLICATION, DISTRIBUTION, ETC. (IMPRINT)
Place of publication :
Name of publisher T.P.L.Printers ,
Year of publication 1988.
300 ## - PHYSICAL DESCRIPTION
Number of Pages 918 ; .
942 ## - ADDED ENTRY ELEMENTS (KOHA)
Koha item type Books
Holdings
Withdrawn status Lost status Damaged status Home library Current library Date acquired Full call number Accession Number Koha item type
    Damaged KAUAET KAUAET 07/04/2012 621.3132 17624 Books
free website counter